000 00661nam a2200253 i 4500
001 C2-0096546
003 PPAK
005 20180727093701.0
008 970515s1986 nyua|||| ||||| | eng d
020 _a0070591202
040 _aPPAK
_beng
_cPPAK
_erda
082 0 4 _a657
_223
090 0 0 _a657
_bSMI
_dG
100 1 _aSmith, Jack L.,
_eauthor
245 1 0 _aAccounting principles
264 1 _aNew York :
_bMcCraw - Hill ,
_c1986
300 _axix, 1091 pages :
_billustrations ;
_c26 cm
336 _2rdacontent
_atext
337 _2rdamedia
_aunmediated
338 _2rdacarrier
_avolume
650 1 0 _aAccounting
700 _eauthor
942 _ddc
_cB
999 _c20894
_d20894